01389nam a22003257a 4500003000400000005001700004008004100021040002200062082001800084100003200102245004300134260004700177300001900224366000800243490001300251505001900264505008900283505017300372505001200545650004600557650005000603650004400653650004800697650004300745650005500788650004700843942002900890999001500919952012900934OSt20230503130629.0221006b |||||||| |||| 00| 0 eng d cBiblioteca Lado V a709.05bR643f 9825aRoberts, Jameseeditor aFrieze/bContemporary Art And Culture/ bDurian Publications Ltd.aInglaterrac2003 c23x30cma104p. eeng a73v2003 tAncient Briton tColumnsaPhilosophy Photography Performance Design Architecture Music Obituary tFeaturesaPicture: Sir John Soane's tomb Candid camera Perfect symmetry Pulp fiction Man of the world Always crashing in the same car Going solo Guys and dolls  tReviews 2Tesauro de Arte & ArquitecturaaARTE9703 2Tesauro de Arte & ArquitecturaaEXPOSICIONES  2Tesauro de Arte & ArquitecturaaCULTURA 2Tesauro de Arte & ArquitecturaaAPRECIACION 2Tesauro de Arte & ArquitecturaaTEORIA 2Tesauro de Arte & ArquitecturaaARTE CONTEMPORANEO 2Tesauro de Arte & ArquitecturaaINGLATERRA 2ddcc1h709.05iR643fn0 c3527d3527 00102ddc3200340708RevistasaLVbLVd2023-05-03h73i003034l0o709.05 R643fp003034r2023-05-03 00:00:00w2023-05-03y1